Capitale par images - Statistiques

Statistiques générales
  • Ce quiz a été pris 20 fois
  • Le résultat moyen est 11 sur 196
Statistiques - réponses
Par images Réponse % Correct
Paris
95%
Londres
74%
Rome
74%
Pékin
63%
Vatican
63%
Amman
37%
Jérusalem
37%
Copenhague
26%
Vienne
26%
Washington
26%
Amsterdam
21%
Budapest
21%
La Paz
21%
La Valette
21%
Ottawa
21%
Tokyo
21%
Bruxelles
16%
Helsinki
16%
Kiev
16%
Kuala lumpur
16%
Moscou
16%
Prague
16%
Riga
16%
Sanaa
16%
Andorre-la-Vieille
11%
Belgrade
11%
Buenos Aires
11%
Lisbonne
11%
Madrid
11%
Manama
11%
Monaco
11%
Reykjavik
11%
Riyad
11%
Saint-Marin
11%
Stockholm
11%
Tarawa
11%
Tirana
11%
Varsovie
11%
Abou Dabi
5%
Alger
5%
Ankara
5%
Athènes
5%
Bakou
5%
Bandar Seri Begawan
5%
Bangkok
5%
Berne
5%
Brasilia
5%
Douchanbé
5%
Dublin
5%
Erevan
5%
Hanoï
5%
Kaboul
5%
Le Caire
5%
Luxembourg
5%
Malé
5%
N'Djamena
5%
Ngerulmud
5%
Noursoultan
5%
Palikir
5%
Port-d'Espagne
5%
Port-Vila
5%
Pretoria
5%
Quito
5%
Rabat
5%
Santiago
5%
Sarajevo
5%
Singapour
5%
Taipei
5%
Tbilissi
5%
Vientiane
5%
Wellington
5%
Yamoussoukro
5%
Yaren
5%
Zagreb
5%
Abuja
0%
Accra
0%
Achgabat
0%
Addis-Abeba
0%
Antananarivo
0%
Apia
0%
Asmara
0%
Asuncion
0%
Bagdad
0%
Bamako
0%
Bangui
0%
Banjul
0%
Basseterre
0%
Belmopan
0%
Berlin
0%
Beyrouth
0%
Bichkek
0%
Bissau
0%
Bogota
0%
Bratislava
0%
Brazzaville
0%
Bridgetown
0%
Bucarest
0%
Canberra
0%
Caracas
0%
Castries
0%
Chisinau
0%
Conakry
0%
Dacca
0%
Dakar
0%
Damas
0%
Dili
0%
Djibouti
0%
Djouba
0%
Dodoma
0%
Doha
0%
Freetown
0%
Funafuti
0%
Gaborone
0%
Georgetown
0%
Gitega
0%
Guatemala
0%
Harare
0%
Honiara
0%
Islamabad
0%
Jakarta
0%
Kampala
0%
Katmandou
0%
Khartoum
0%
Kigali
0%
Kingston
0%
Kingstown
0%
Kinshasa
0%
Koweït
0%
La Havane
0%
Libreville
0%
Lilongwe
0%
Lima
0%
Ljubljana
0%
Lomé
0%
Luanda
0%
Lusaka
0%
Majuro
0%
Malabo
0%
Managua
0%
Manille
0%
Maputo
0%
Mascate
0%
Maseru
0%
Mbabane
0%
Mexico
0%
Minsk
0%
Mogadiscio
0%
Monrovia
0%
Montevideo
0%
Moroni
0%
Nairobi
0%
Nassau
0%
Naypyidaw
0%
New Delhi
0%
Niamey
0%
Nicosie
0%
Nouakchott
0%
Nuku'alofa
0%
Oslo
0%
Ouagadougou
0%
Oulan-Bator
0%
Panama
0%
Paramaribo
0%
Phnom Penh
0%
Podgorica
0%
Port-au-Prince
0%
Port-Louis
0%
Port Moresby
0%
Porto-Novo
0%
Praia
0%
Pristina
0%
Pyongyang
0%
Roseau
0%
Saint-Domingue
0%
Saint-Georges
0%
Saint John's
0%
San José
0%
San Salvador
0%
Sao Tomé
0%
Séoul
0%
Skopje
0%
Sofia
0%
Sri Jayawardenapura Kotte
0%
Suva
0%
Tachkent
0%
Tallinn
0%
Tegucigalpa
0%
Téhéran
0%
Thimphou
0%
Tripoli
0%
Tunis
0%
Vaduz
0%
Victoria
0%
Vilnius
0%
Windhoek
0%
Yaoundé
0%
Aucun quiz correspondant
Distribution des résultats
% des personnes avec chaque résultat
Percentile par nombre de réponses
Votre historique - résultats
Vous n’avez pas pris ce quiz